It looks like you're offline.
Open Library logo
additional options menu

MARC record from Internet Archive

LEADER: 01879cam 2200517Mi 4500
001 ocn851987160
003 OCoLC
005 20201013185639.0
008 120601s2011 enk g 000 1 eng d
040 $aUKSCO$beng$cUKSCO$dOCLCO$dOCLCQ$dUKBCI$dOCLCF$dOCLCQ$dMOV$dOCLCQ$dOCL$dUNITY
019 $a852840354$a858822830$a974524826
020 $a9780330524919
020 $a0330524917$q(pbk.)
020 $a9781447224372$q(pbk.)
020 $a144722437X$q(pbk.)
035 $a(OCoLC)851987160$z(OCoLC)852840354$z(OCoLC)858822830$z(OCoLC)974524826
050 14 $aPS3554.E4425$bF36 2012
082 14 $a[Fic]
100 1 $aDeLillo, Don,$d1936-
245 10 $aFalling man /$cDon DeLillo.
260 $aLondon :$bPicador :$b[distributor] Macmillan Distribution (MDL),$c2011.
300 $a246 pages ;$c20 x 13 cm
336 $atext$btxt$2rdacontent
337 $aunmediated$bn$2rdamedia
338 $avolume$bnc$2rdacarrier
520 $aCharts the way the events have reconfigured our emotional landscape, our memory and our perception of the world.
521 $aGeneral (US: Trade).
546 $aEnglish.
650 0 $aSeptember 11 Terrorist Attacks, 2001.
650 0 $aVictims of terrorism.
650 7 $aVictims of terrorism.$2fast$0(OCoLC)fst01166347
647 7 $aSeptember 11 Terrorist Attacks$d(2001)$2fast$0(OCoLC)fst01112794
648 7 $a2001$2fast
655 04 $aPsychological fiction.
655 04 $aModern & contemporary fiction (post c 1945)
655 7 $aPsychological fiction.$2fast$0(OCoLC)fst01726481
655 7 $aPsychological fiction.$2lcgft
029 0 $aUKSCO$b129238376
029 1 $aUKBCI$b129238376
029 1 $aUKBNS$b129238376
029 1 $aUKDEL$b129238376
029 1 $aUKSGC$b129238376
029 1 $aUKSOM$b129238376
029 1 $aUNITY$b129238376
994 $aZ0$bP4A
948 $hNO HOLDINGS IN P4A - 13 OTHER HOLDINGS